Situaciones e ideologías en Latinoamerica / (Record no. 102671)

MARC details
000 -CABECERA
campo de control de longitud fija 00714nam a2200217 a 4500
005 - FECHA Y HORA DE LA ÚLTIMA TRANSACCIÓN
campo de control 20240911063740.0
008 - ELEMENTOS DE LONGITUD FIJA--INFORMACIÓN GENERAL
campo de control de longitud fija 031031s1981 mx r 000 0 spa d
020 ## - NÚMERO INTERNACIONAL NORMALIZADO PARA LIBROS
Número Internacional Estándar del Libro 9685000405
035 ## - NÚMERO DE CONTROL DEL SISTEMA
Número de control de sistema UPN01000130514
049 ## - COLECCIÓN
Colección CG
050 #4 - SIGNATURA TOPOGRÁFICA DE LA BIBLIOTECA DEL CONGRESO
Número de clasificación F1411
Número de documento/Ítem R6.7
100 1# - ASIENTO PRINCIPAL--NOMBRE PERSONAL
Nombre de persona Romero, José Luis
9 (RLIN) 32169
245 10 - MENCIÓN DE TÍTULO
Título Situaciones e ideologías en Latinoamerica /
Mención de responsabilidad, etc. José Luis Romero ; comp. Luis Alberto Romero.
260 ## - PUBLICACIÓN, DISTRIBUCIÓN, ETC.
Lugar de publicación, distribución, etc. México :
Nombre del editor, distribuidor, etc. UNAM, Centro Coordinador y Difusor de Estudios Latinoamericanos,
Fecha de publicación, distribución, etc. 1981.
300 ## - DESCRIPCIÓN FÍSICA
Extensión 244 p.
440 #0 - MENCIÓN DE SERIE/ASIENTO SECUNDARIO--TÍTULO
Título Nuestra América ;
Designación de volumen o secuencia 2
651 #4 - ASIENTO SECUNDARIO DE MATERIA - NOMBRE GEOGRAFICO
Nombre geográfico AMERICA LATINA -
Subdivisión general HISTORIOGRAFIA
9 (RLIN) 919
651 #4 - ASIENTO SECUNDARIO DE MATERIA - NOMBRE GEOGRAFICO
Nombre geográfico América Latina
9 (RLIN) 1068
700 1# - ASIENTO SECUNDARIO--NOMBRE DE PERSONAL
Nombre de persona Romero, Luis Alberto,
Término indicativo de función/relación comp.
905 ## - TIPO DE MATERIAL
Tipo de material Libro
Holdings
Estado de retiro Estado de pérdida Fuente del sistema de clasificación o colocación Estado dañado No para préstamo Código de colección Localización permanente Ubicación/localización actual Ubicación en estantería Total de préstamos Clasificación Código de barras Fecha visto por última vez Número de copia Tipo de ítem Koha
    Library of Congress Classification     Colección General Bib. Gregorio Torres Quintero Bib. Gregorio Torres Quintero Planta baja 3 F1411 R6.7 61942 31/12/2020 1 Libro